00480nam a22001697a 450000500170000001000150001702000260003203500140005803700090007208200150008110000270009624500570012325000060018026000340018627000700022030000200029020260602104646.0 aENG-148692 a9789349042056c599.00 aEN-132224 bDBAD a181.49921 aPuri, Suparna Sarawati aAdi Shankara Advaita and You/cSuparna Sarawati Puri a1 aChandigarhbThe Browserc2025 bChandigarhaSCO 14-15, Sector 8-Ce160009mservice@thebrowser.org a126p.c23cm(hb)